000 00421nam a2200157Ia 4500
008 230312s9999||||xx |||||||||||||| ||und||
020 _a9788126518937
082 _a670
_bOST-M
100 _aOstwald,Phillips.F
245 0 _aManufacturing Processes and Systems
260 _bJhon Wiley & Sons
_aIndia
_c2008
300 _a782
546 _aEng.
650 _aEngineering
_vNature and Properties of Materials
942 _cBK
999 _c6241
_d6241